Wszystkie ulice we wrocławskiej dzielnicy Psie Pole - Statystyki

Ogólne statystyki
  • Ten quiz został rozwiązany 30 razy
  • Średni wynik to 31 z 422
Statystyki odpowiedzi
Osiedle Odpowiedź % Poprawnych
Litewska
61%
Kiełczowska
57%
Psie Pole Krzywoustego
57%
Zakrzowska
48%
Bierutowska
43%
Gorlicka
43%
Kłokoczycka
43%
Pawłowice Pawłowicka
39%
Polanowice Polanowicka
35%
Poleska
35%
Kowalska
30%
Sobieskiego
30%
Sołtysowicka
30%
Widawska
30%
Zielna
30%
Żmudzka
30%
Kamieńskiego
26%
Kowieńska
26%
Szewczenki
26%
Żmigrodzka
26%
Jugosłowiańska
22%
Kleczków Kleczkowska
22%
Królewska
22%
Kwidzyńska
22%
Mulicka
22%
Obornicka
22%
Poświętne Poświęcka
22%
Toruńska
22%
Wołowska
22%
Bałtycka
17%
Bezpieczna
17%
Białych Goździków
17%
Chorwacka
17%
Czerwonych Maków
17%
Dobroszycka
17%
Farna
17%
Inflancka
17%
Kminkowa
17%
Koszarowa
17%
Łużycka
17%
Milicka
17%
Różanka Osobowicka
17%
Przebiśniegowa
17%
Rychtalska
17%
Serbska
17%
Słowacka
17%
Sycowska
17%
Tylna
17%
Świniary Zajączkowska
17%
Zakładowa
17%
Zatorska
17%
Azaliowa
13%
Bociania
13%
Bułgarska
13%
Bylinowa
13%
Cynamonowa
13%
Czeska
13%
Gęsia
13%
Irysowa
13%
Iwana Franki
13%
Kępińska
13%
Kętrzyńska
13%
Księgarska
13%
Lekcyjna
13%
Ligocka
13%
Macedońska
13%
Malwowa
13%
Mazepy
13%
Mikory
13%
Miłostowska
13%
Mroźna
13%
Na Polance
13%
Nowaka Jeziorańskiego
13%
Odolanowska
13%
osolska
13%
Paprotna
13%
Lipa Piotrowska Pełczyńska
13%
Piesza
13%
Redycka
13%
Strachocin Strachocińska
13%
Twardogórska
13%
Witebska
13%
Kłokoczyce Złotej Lilii
13%
Sołtysowice Aleja Poprzeczna
9%
Alunowa
9%
Astrowa
9%
Barwinkowa
9%
Białych Tygrysów
9%
Browarna
9%
Czernicka
9%
Czytankowa
9%
Daliowa
9%
Domanowicka
9%
Dubrownicka
9%
Filomatów
9%
Forsycjowa
9%
Fryzjerska
9%
Gimnazjalna
9%
Grudziądzka
9%
Hiacyntowa
9%
Ignacego Chrzanowskiego
9%
Jelczańska
9%
Jeziorowa
9%
Kominiarska
9%
Konwaliowa
9%
Korzeńska
9%
Królowej Marysieńki
9%
ks. Mariana Stanety
9%
Kurlandzka
9%
Kwiatowa
9%
Lekarska
9%
Leśna
9%
Ługowa
9%
Macierzankowa
9%
Malborska
9%
Swojczyce Miłoszycka
9%
Mirtowa
9%
Młynarska
9%
Morawska
9%
Mydlana
9%
Nowogródzka
9%
Odrodzenia Polski
9%
Olsztyńska
9%
Polnych Niezapominajek
9%
Przedwiośnie
9%
Ruciana
9%
RUdawska
9%
Rycerska
9%
Rzemieślnicza
9%
Starodębowa
9%
Stokrotkowa
9%
Sułowska
9%
Szarotkowa
9%
Szczycieńska
9%
Tczewska
9%
Torfowa
9%
Torowa
9%
Trocka
9%
Ubocze
9%
Wałowa
9%
Waniliowa
9%
Rędzin Wędkarzy
9%
Wilczycka
9%
Wincentego Pola
9%
Władysława Reymonta
9%
Zabłocie
9%
Załęże
9%
Zalipie
9%
Zawońska
9%
Złocieniowa
9%
Adama Asnyka
4%
Aleja Kanonierska
4%
Andrzeja Struga
4%
Antoniego Słonimskiego
4%
Anyżowa
4%
Artura Oppmana
4%
Bagatela
4%
Bałkańska
4%
Bazaltowa
4%
Bażancia
4%
Bazyliowa
4%
Belgradzka
4%
Bierzycka
4%
Zgorzelisko Bławatna
4%
Błotna
4%
Bombardierska
4%
Bratkowa
4%
Brzostowska
4%
Brzuchowicka
4%
Byczyńska
4%
Ceglana
4%
Cerekwicka
4%
Charkowska
4%
Chłopska
4%
Czerwonej Róży
4%
Czesława Miłosza
4%
Dekarska
4%
Dłutowa
4%
Dobrzykowicka
4%
Dublańska
4%
Działoszyńska
4%
Edwarda Marczewskiego
4%
Ełcka
4%
Folwarczna
4%
Fortowa
4%
Franciszka Karpińskiego
4%
Frezjowa
4%
gen. Bora-Komorowskiego
4%
Widawa Geodezyjna
4%
Giżycka
4%
Grawerska
4%
Grodzieńska
4%
Groszkowa
4%
Heleny Motykówny
4%
Hetmańska
4%
Hokeistów
4%
Irkucka
4%
Jana Brzechwy
4%
Jana Długosza
4%
Karłowice Jana Kasprowicza
4%
Jana Palacha
4%
Jaskółcza
4%
Jerzego Badury
4%
Jerzego Treski
4%
Kaczeńcowa
4%
Kajakarzy
4%
Kasztelańska
4%
Kątowa
4%
Kmieca
4%
Kopańskiego
4%
Kordiana
4%
Kotwiczna
4%
Krasickiego
4%
Krokusowa
4%
Krośnicka
4%
Kukułcza
4%
Kuropatwia
4%
Kurska
4%
Laskowicka
4%
Laurowa
4%
Lawendowa
4%
Lechitów
4%
Leopolda Staffa
4%
Lothara Herbsta
4%
Lublańska
4%
Łuczników
4%
Ludowa
4%
Łyżwiarzy
4%
Majerankowa
4%
Marca Polo
4%
Mariana Falskiego
4%
Masztowa
4%
Maurycego Mochnackiego
4%
Meliorancka
4%
Melisowa
4%
Mewia
4%
Mieczykowa
4%
Miejska
4%
Mikołowska
4%
Monopolowa
4%
Nadolicka
4%
NAgietkowa
4%
Niborska
4%
(nazwa tymczasowa) Nowolitewska
4%
Odcinek
4%
Odeska
4%
Okrętowa
4%
Oleska
4%
Omska
4%
Ożarowska
4%
Pakosławska
4%
Pedagogiczna
4%
Pęgowska
4%
Pielęgniarska
4%
Piłkarzy
4%
Piotra Czajkowskiego
4%
Pleszewska
4%
Podbiałowa
4%
Postolińska
4%
Prusicka
4%
Przylaszczkowa
4%
Radzionkowska
4%
Rafała Wojaczka
4%
Rakowa
4%
Roberta Kocha
4%
Ryska
4%
Rzeczna
4%
Sasankowa
4%
Siatkarzy
4%
Sienna
4%
Siewna
4%
Skoroszowska
4%
Słomiana
4%
Wojnów Smocza
4%
Stanisława Przybyszewskiego
4%
Staropolska
4%
Starościńska
4%
Stoczniowa
4%
Stradomska
4%
Strażacka
4%
Strumykowa
4%
Strzelecka
4%
Sulejowska
4%
Świętochłowicka
4%
Szachistów
4%
Szałwiowa
4%
Szczygła
4%
Szkutnicza
4%
Szpacza
4%
Tadeusza Boya-Żeleńskiego
4%
Tadeusza Gajce
4%
Tymiankowa
4%
Wacława Berenta
4%
Wacława Potockiego
4%
Wilanowska
4%
Wilczkowska
4%
Wilgowa
4%
Władysława Broniewskiego
4%
Władysława Orkana
4%
Władysława Syrokomli
4%
Włościańska
4%
Wronia
4%
Wybickiego
4%
Zagaje
4%
Zagajnikowa
4%
Zagrodnicza
4%
Zamłynie
4%
Zawilcowa
4%
Zecerska
4%
Zofii Gumińskiej
4%
Żonkilowa
4%
Żużlowców
4%
Zygmunta Markowskiego
4%
Adama Jerzego Czartoryskiego
0%
Admiralska
0%
Aleja Aleksandra Brucknera
0%
Kowale Aleja Marcina Kromera
0%
Amerigo Vespucciego
0%
Aptekarska
0%
Artyleryjska
0%
Bagienna
0%
Bratysławska
0%
Cementowa
0%
Chałupnicza
0%
Chocimska
0%
Cholewkarska
0%
Chrząstawska
0%
Ćwiczebna
0%
Czajcza
0%
Dalimira
0%
Zakrzów Danuty Sidzikówny
0%
Dawida Kurzmanna
0%
Działdowska
0%
Emila Zagadowicza
0%
Ferdynanda Magellana
0%
Festynowa
0%
gen. Leopolda Okulickiego
0%
Gitarowa
0%
Gołębia
0%
Gospodarska
0%
Grajewska
0%
Haliny Konopnickiej
0%
Hugona Kowarzyka
0%
Jałowcowa
0%
Jamesa Cooka
0%
Jana Czochralskiego
0%
Jana Zamoyskiego
0%
Jaśkowicka
0%
Józefa Ignacego Kraszewskiego
0%
Jubilerska
0%
Juliana Klaczki
0%
Kazimierza Funka
0%
Kołodziejska
0%
Konrada Wallenrooda
0%
Kornela Makuszyńskiego
0%
Kornela Ujejskiego
0%
Kościerzyńska
0%
Krzysztofa Kamila Baczyńskiego
0%
Krzysztofa Kolumba
0%
księdza Norberta Bończyka
0%
Księżycowa
0%
Łabędzia
0%
Łaniecka
0%
Lazurowa
0%
Lidzka
0%
Liońska
0%
Łomiankowa
0%
Lucjana Siemieńskiego
0%
Ludwika Kubali
0%
Ludwika Nabielaka
0%
Machnicka
0%
Michała Tadeusza Falzmanna
0%
Mieczysława Niedziałkowskiego
0%
Mieczysława Romnowskiego
0%
Mokra
0%
Murowana
0%
Nadbrzeżna
0%
Narciarska
0%
Objazdowa
0%
Osadnicza
0%
Osiecka
0%
Osiedlowa
0%
Ostrowa Północna
0%
Owocowa
0%
Paryska
0%
Perkusyjna
0%
Płk. Ryszarda Kuklińskiego
0%
Pokrzywowa
0%
Przejazowa
0%
Przy Torze
0%
Ramiszowska
0%
Raszowska
0%
Rolnicza
0%
Samuela Bogusława Lindego
0%
Sewastopolska
0%
Sikorcza
0%
Sobocińska
0%
Sportowa
0%
Studzienna
0%
Sulmierzycka
0%
Tadeusza Zelenaka
0%
Usługowa
0%
Vasco da Gamy
0%
Wacława Gąsiorowskiego
0%
Węgoborska
0%
Wesoła
0%
Wiedeńska
0%
Wierzchowicka
0%
Wilgotna
0%
Wójtowska
0%
Wołgogradzka
0%
Wykładowa
0%
Zapotocze
0%
Zaułek Rogoziński
0%
Zdzisława Dębicka
0%
Zegarmistrzowska
0%
Złotowska
0%
Żurawia
0%
Zygmunta Miriama Przesmyckiego
0%
Nie znaleziono quizów pasujących do podanych kryteriów
Rozkład punktacji
Procent ludzi z każdym wynikiem
Percentyl według liczby udzielonych odpowiedzi
Twoja historia wyników
Nie rozwiązałeś tego quizu